000
00469nam a2200145Ia 4500
008
100204s9999 xx 000 0 und d
082
_b
6129
100
_a
लागू चिंतामणी
245
_a
अखेरची इच्छा
260
_b
"उदयदीप प्रकाशन , मुंबई"
_c
1984
300
_a
171
630
_a
अखेरची इच्छा
730
_a
अखेरची इच्छा
942
_c
BOOK
999
_c
450620
_d
450617